[Event "Sparkassen-Open A"]
[Site "Heusenstamm, Martinsee"]
[Date "2016.11.27"]
[Round "2.83"]
[White "Junker, Christian"]
[Black "Schmitt, Clemens"]
[Result "1-0"]
[WhiteElo "1954"]
[BlackElo "1757"]
[PlyCount "63"]
[EventDate "2016.??.??"]
[WhiteTeam "SV Neu-Isenburg"]
[BlackTeam "SV Bergwinkel"]

1. Nf3 Nf6 2. g3 c5 3. d3 d5 4. Nbd2 e6 5. Bg2 Be7 6. e4 Nc6 7. O-O O-O 8. Re1
Qc7 9. e5 Nd7 10. Qe2 b5 11. Nf1 a5 12. Bf4 Ba6 13. h4 Rfc8 14. h5 h6 15. N1h2
Qd8 16. a3 a4 17. Qd2 Kh7 18. g4 Rab8 19. g5 hxg5 20. Nxg5+ Bxg5 21. Bxg5 Qc7
22. h6 gxh6 23. Bxh6 Ndxe5 24. Re3 f6 25. Rh3 Rh8 26. Ng4 Kg6 27. Nxf6 Nf7 28.
Ng4 Nd4 29. Re1 Rbe8 30. Ne5+ Kf6 31. Qf4+ Nf5 32. Ng4+ 1-0

[Event "Sparkassen-Open A"]
[Site "Heusenstamm, Martinsee"]
[Date "2016.11.27"]
[Round "2.84"]
[White "Balhar, Michael"]
[Black "Vangsgaard, Freja"]
[Result "0-1"]
[WhiteElo "1758"]
[BlackElo "1948"]
[PlyCount "102"]
[EventDate "2016.??.??"]
[WhiteTeam "SC Erlangen"]
[BlackTeam "Vejlby-Risskov"]

1. e4 c6 2. d4 d5 3. Nc3 dxe4 4. Nxe4 Bf5 5. Ng3 Bg6 6. h4 h6 7. Nf3 Nd7 8. h5
Bh7 9. Bd3 Bxd3 10. Qxd3 e6 11. Bd2 Ngf6 12. O-O-O Be7 13. Ne4 Nxe4 14. Qxe4
Nf6 15. Qe2 Qd5 16. c4 Qe4 17. Qxe4 Nxe4 18. Be3 O-O 19. Nd2 Nf6 20. f3 b5 21.
g4 bxc4 22. Nxc4 Nd5 23. Bf2 Rab8 24. Bh4 Rb4 25. b3 Bxh4 26. Rxh4 Ra8 27. Rh2
a5 28. Ne5 a4 29. bxa4 Rbxa4 30. Rdd2 Nb4 31. Kb1 f6 32. Nd3 Nxd3 33. Rxd3 Rb8+
34. Rb2 Rd8 35. Rbd2 Rb4+ 36. Kc2 Rdb8 37. Rb3 Rxb3 38. axb3 Kf7 39. Kc3 Ra8
40. Rc2 Ke7 41. Kd3 Kd6 42. f4 Ra1 43. Ke2 Rh1 44. Kf3 Rh3+ 45. Ke4 Rg3 46. Rc5
Rxg4 47. Kf3 Rg1 48. Kf2 Rd1 49. Ke3 Rb1 50. Rc3 Rh1 51. Rc5 Rh3+ 0-1

[Event "Sparkassen-Open A"]
[Site "Heusenstamm, Martinsee"]
[Date "2016.11.27"]
[Round "2.85"]
[White "Bernhart, Joseph"]
[Black "Midanka, Vladimir Josef"]
[Result "1-0"]
[WhiteElo "1945"]
[BlackElo "1752"]
[PlyCount "107"]
[EventDate "2016.??.??"]
[WhiteTeam "SG Kaiserslautern"]
[BlackTeam "SC Brett vorm Kopp"]

1. d4 g6 2. Bf4 d6 3. e3 Bg7 4. Nf3 Nf6 5. Be2 O-O 6. h3 Nfd7 7. O-O c5 8. c3
b6 9. a4 Bb7 10. Nbd2 Nf6 11. Bc4 d5 12. Be2 Nbd7 13. Re1 Ne8 14. a5 bxa5 15.
Qa4 Nb6 16. Qxa5 c4 17. b3 cxb3 18. Nxb3 Nd6 19. Nc5 Bc6 20. Reb1 Ne4 21. Nxe4
dxe4 22. Ne5 Bxe5 23. Bxe5 Qd7 24. c4 f6 25. Bg3 e6 26. Rd1 Rfd8 27. Rd2 Qe7
28. Rda2 Qd7 29. Qc5 Na4 30. Qb4 Nb6 31. Ra5 Nc8 32. Rc5 Qe7 33. Qa5 Qd7 34.
Rd1 Nb6 35. Qb4 Na4 36. Ra5 Nb6 37. d5 exd5 38. cxd5 Bb7 39. Rc5 Rdc8 40. Bb5
Qd8 41. d6 Rxc5 42. Qxc5 Rc8 43. Qa3 a6 44. Bxa6 Ra8 45. Qb3+ Bd5 46. Rxd5 Nxd5
47. Qxd5+ Kg7 48. Bb7 Ra1+ 49. Kh2 Qb6 50. Qxe4 Qb1 51. Qxb1 Rxb1 52. d7 Kf7
53. Bc8 Rd1 54. Bc7 1-0

[Event "Sparkassen-Open A"]
[Site "Heusenstamm, Martinsee"]
[Date "2016.11.27"]
[Round "2.86"]
[White "Hinz, André"]
[Black "Kulenovic, Adnan"]
[Result "1-0"]
[WhiteElo "1693"]
[BlackElo "1941"]
[PlyCount "83"]
[EventDate "2016.??.??"]
[WhiteTeam "SC Brett vorm Kopp"]
[BlackTeam "SV Kinzigtal"]

1. c4 c5 2. g3 Nc6 3. Bg2 h6 4. Nc3 g5 5. e3 Bg7 6. Nge2 d6 7. d4 Bg4 8. f3 Bd7
9. a3 Nf6 10. Kf2 cxd4 11. exd4 Qb6 12. Be3 Qd8 13. b4 O-O 14. h4 g4 15. f4 e6
16. Rc1 Ne7 17. Bxb7 Nf5 18. Qd3 Rb8 19. Bg2 Re8 20. Rhe1 Re7 21. Kg1 Qe8 22.
Bf2 Rd8 23. Ne4 e5 24. fxe5 dxe5 25. d5 Nxe4 26. Bxe4 Nd6 27. Bc5 Nxe4 28. Bxe7
Qxe7 29. Qxe4 f5 30. Qe3 f4 31. Nxf4 Rf8 32. Ng6 Qd6 33. Nxf8 Bxf8 34. Qxe5
Qb6+ 35. Qe3 Qd6 36. Kg2 a5 37. bxa5 Bf5 38. Rc3 Bg7 39. Rb3 Qc7 40. Qf4 Qd7
41. a6 Bg6 42. a7 1-0

[Event "Sparkassen-Open A"]
[Site "Heusenstamm, Martinsee"]
[Date "2016.11.27"]
[Round "2.87"]
[White "Musiolik, David"]
[Black "Niedenthal, Robert"]
[Result "1-0"]
[WhiteElo "1874"]
[BlackElo "1744"]
[PlyCount "95"]
[EventDate "2016.??.??"]
[WhiteTeam "SC Ramstein"]
[BlackTeam "SV Hofheim"]

1. e4 d5 2. exd5 Nf6 3. d4 Bg4 4. Be2 Bxe2 5. Qxe2 Qxd5 6. Nf3 e6 7. Nc3 Qh5 8.
Bf4 c6 9. O-O Be7 10. Rfd1 O-O 11. Na4 Nbd7 12. c4 b5 13. Nc3 a6 14. d5 cxd5
15. cxd5 Nc5 16. b4 Na4 17. Nxa4 Nxd5 18. Rxd5 exd5 19. Nb6 Ra7 20. a4 Bxb4 21.
axb5 a5 22. Rd1 Re7 23. Qa2 Rfe8 24. Nxd5 Re2 25. Qb3 Qf5 26. Be3 Qe4 27. Nxb4
axb4 28. Kf1 Qc2 29. Qxc2 Rxc2 30. Rb1 Rd8 31. Rxb4 Rd1+ 32. Ne1 Ra2 33. Rd4
Rxd4 34. Bxd4 Rd2 35. Nf3 Rd3 36. Ke2 Rb3 37. b6 f6 38. Kd2 Kf7 39. Kc2 Rb5 40.
Kc3 Ke6 41. Kc4 Rb1 42. Nd2 Rc1+ 43. Kb4 Rc8 44. Nb3 Kd5 45. Be3 g5 46. Nc5 Kc6
47. b7 Rb8 48. Bd4 1-0

[Event "Sparkassen-Open A"]
[Site "Heusenstamm, Martinsee"]
[Date "2016.11.27"]
[Round "2.88"]
[White "Traut, Stefan"]
[Black "Marchese, Gaspare"]
[Result "1/2-1/2"]
[WhiteElo "1738"]
[BlackElo "1933"]
[PlyCount "33"]
[EventDate "2016.??.??"]
[WhiteTeam "SF Heusenstamm"]
[BlackTeam "SC Matt im Park"]

1. d4 Nf6 2. Nf3 g6 3. c4 Bg7 4. Nc3 d6 5. g3 O-O 6. Bg2 Nbd7 7. O-O e5 8. dxe5
Nxe5 9. Nxe5 dxe5 10. h3 c6 11. e4 Qe7 12. Qc2 Be6 13. b3 Rfd8 14. Be3 Nh5 15.
Rad1 Bf8 16. Rxd8 Qxd8 17. Rd1 1/2-1/2

[Event "Sparkassen-Open A"]
[Site "Heusenstamm, Martinsee"]
[Date "2016.11.27"]
[Round "2.89"]
[White "Zimmer, Gerald"]
[Black "Gude, Michael"]
[Result "1-0"]
[WhiteElo "1929"]
[BlackElo "1729"]
[PlyCount "97"]
[EventDate "2016.??.??"]
[WhiteTeam "SC Bergen-Enkheim"]
[BlackTeam "SF Fürth"]

1. d4 e6 2. Nf3 f5 3. g3 Nf6 4. Bg2 d5 5. c4 Bb4+ 6. Bd2 Bxd2+ 7. Nbxd2 O-O 8.
Ne5 c6 9. O-O Nbd7 10. Ndf3 Ne4 11. e3 Ng5 12. Nxg5 Qxg5 13. f4 Qe7 14. cxd5
Nxe5 15. fxe5 cxd5 16. Qb3 b6 17. Rfc1 Bb7 18. Rc3 Rac8 19. Rac1 Rxc3 20. Rxc3
Rc8 21. Bf1 Rxc3 22. Qxc3 Qd7 23. Kf2 Qc6 24. Kf3 g5 25. g4 Qxc3 26. bxc3 Bc6
27. Bd3 Bd7 28. gxf5 exf5 29. a3 h5 30. c4 Be6 31. cxd5 Bxd5+ 32. e4 fxe4+ 33.
Bxe4 Bb3 34. Bc6 Kf7 35. d5 a6 36. Ke4 Bc2+ 37. Kd4 Ke7 38. d6+ Ke6 39. Bb7 Kd7
40. Bxa6 g4 41. Bd3 Bd1 42. Bf5+ Kc6 43. Ke3 Bb3 44. Kf4 Bd1 45. Kg3 Ba4 46.
Bg6 Kd5 47. Kf4 h4 48. Be4+ Ke6 49. Bf5+ 1-0

[Event "Sparkassen-Open A"]
[Site "Heusenstamm, Martinsee"]
[Date "2016.11.27"]
[Round "2.90"]
[White "Diener, Carolin Valeria"]
[Black "Modric, Vladimir"]
[Result "1/2-1/2"]
[WhiteElo "1699"]
[BlackElo "1928"]
[PlyCount "57"]
[EventDate "2016.??.??"]
[WhiteTeam "SK Bad Homburg"]
[BlackTeam "SC Nied"]

1. e4 c6 2. d4 d5 3. Nc3 dxe4 4. Nxe4 h6 5. Nf3 Bf5 6. Ng3 Bh7 7. Bd3 Bxd3 8.
Qxd3 Nf6 9. Ne4 Nxe4 10. Qxe4 Nd7 11. c4 Nf6 12. Qc2 e6 13. O-O Qc7 14. b3
O-O-O 15. Bb2 h5 16. c5 Nd5 17. Qd2 h4 18. b4 Be7 19. Ne5 Bf6 20. Nc4 g5 21.
Rab1 g4 22. b5 cxb5 23. Nd6+ Rxd6 24. cxd6 Qxd6 25. Qa5 Qb6 26. Qxb6 Nxb6 27.
d5 Bxb2 28. Rxb2 Nxd5 29. Rxb5 1/2-1/2

[Event "Sparkassen-Open A"]
[Site "Heusenstamm, Martinsee"]
[Date "2016.11.27"]
[Round "2.91"]
[White "Thomele, Michael"]
[Black "Lehmann, Tim"]
[Result "1/2-1/2"]
[WhiteElo "1928"]
[BlackElo "1703"]
[PlyCount "39"]
[EventDate "2016.??.??"]
[WhiteTeam "SC Obernau"]
[BlackTeam "SV Lahn Limburg"]

1. e4 c5 2. Nf3 d6 3. d4 cxd4 4. Nxd4 Nf6 5. Nc3 a6 6. Be2 e5 7. Nb3 Be7 8. h3
Be6 9. Bf3 Nbd7 10. Be3 Rc8 11. Qd2 Nb6 12. Bxb6 Qxb6 13. O-O-O Qc7 14. Kb1 b5
15. Nd5 Nxd5 16. exd5 Bf5 17. Rc1 h6 18. h4 Bd8 19. Qe2 Qc4 20. Qxc4 1/2-1/2

[Event "Sparkassen-Open A"]
[Site "Heusenstamm, Martinsee"]
[Date "2016.11.27"]
[Round "2.92"]
[White "Laux, Dominik"]
[Black "Pabel, Ralph"]
[Result "0-1"]
[WhiteElo "1642"]
[BlackElo "1927"]
[PlyCount "56"]
[EventDate "2016.??.??"]
[WhiteTeam "VSG Offenbach"]
[BlackTeam "SK Mainaschaff"]

1. d4 d5 2. Nc3 Nf6 3. Bf4 c5 4. e3 a6 5. Nf3 Nc6 6. Qd2 e6 7. Be2 Bd7 8. h3 b5
9. Ne5 b4 10. Nb1 Be7 11. g4 Qb6 12. c3 a5 13. O-O h5 14. f3 hxg4 15. hxg4 Nh7
16. Qc2 cxd4 17. Nxc6 Qxc6 18. exd4 Ng5 19. Bxg5 Bxg5 20. f4 Qc7 21. Qd2 Be7
22. Bd3 Bd6 23. Qf2 Rh3 24. Be2 Ke7 25. Nd2 bxc3 26. bxc3 Rah8 27. Qg2 Bxf4 28.
Rf3 Rh2 0-1

[Event "Sparkassen-Open A"]
[Site "Heusenstamm, Martinsee"]
[Date "2016.11.27"]
[Round "2.93"]
[White "Cors, Heinz-Friedrich"]
[Black "Kirchner, Markus"]
[Result "1-0"]
[WhiteElo "1925"]
[BlackElo "1682"]
[PlyCount "83"]
[EventDate "2016.??.??"]
[WhiteTeam "Schachforum Darmstadt"]
[BlackTeam "SF Schöneck"]

1. e4 c5 2. Nf3 Nc6 3. d4 cxd4 4. Nxd4 e5 5. Nb5 d6 6. N1c3 a6 7. Na3 b5 8. Nd5
Nf6 9. Bg5 Be7 10. Bxf6 Bxf6 11. c3 Bg5 12. Nc2 O-O 13. h4 Bh6 14. Nce3 Bxe3
15. Nxe3 Be6 16. Qd2 Qd7 17. Be2 Rad8 18. Bf3 Na5 19. O-O Nc4 20. Qe2 Qe7 21.
g3 g6 22. Rfd1 f5 23. Nd5 Qf7 24. b3 fxe4 25. Bxe4 Na5 26. Rd2 Bf5 27. Bg2 Nb7
28. a4 bxa4 29. Rxa4 Nc5 30. Ra3 a5 31. b4 axb4 32. cxb4 Ne6 33. g4 Nd4 34.
Rxd4 exd4 35. gxf5 gxf5 36. Nf4 Qf6 37. Qh5 Rde8 38. Rg3+ Kh8 39. Ng6+ Kg7 40.
Nxf8+ Kxf8 41. Qxh7 Qf7 42. Qh6+ 1-0

[Event "Sparkassen-Open A"]
[Site "Heusenstamm, Martinsee"]
[Date "2016.11.27"]
[Round "2.94"]
[White "Ebeling, Leander"]
[Black "Bogucanin, Mirsad"]
[Result "0-1"]
[WhiteElo "1691"]
[BlackElo "1923"]
[PlyCount "182"]
[EventDate "2016.??.??"]
[WhiteTeam "SK Mainaschaff"]
[BlackTeam "VSG Offenbach"]

1. c4 Nf6 2. Nf3 e6 3. d4 d5 4. Nc3 Be7 5. e3 a6 6. a4 O-O 7. Bd3 c5 8. O-O Nc6
9. b3 Re8 10. Ba3 b6 11. Qd2 Bb7 12. Rfd1 Qc7 13. Be2 Rad8 14. h3 Bf8 15. cxd5
Nxd5 16. Nxd5 Rxd5 17. Qc2 cxd4 18. Bxf8 Rxf8 19. Nxd4 Rc5 20. Qb2 Nxd4 21.
Rxd4 Rg5 22. Rg4 Rxg4 23. Bxg4 Rc8 24. Rd1 Bd5 25. Rxd5 exd5 26. Bxc8 Qxc8 27.
Qd4 Qc1+ 28. Kh2 Qc7+ 29. Kg1 Qc1+ 30. Kh2 Qc7+ 31. Kg1 Qc6 32. e4 Qc1+ 33. Kh2
Qf4+ 34. g3 Qxe4 35. Qxb6 h5 36. Qxa6 h4 37. Qc8+ Kh7 38. Qg4 hxg3+ 39. Kxg3
Qd3+ 40. Qf3 Qg6+ 41. Kf4 Qf6+ 42. Ke3 Qc3+ 43. Ke2 Qc2+ 44. Ke1 Qb1+ 45. Ke2
Qc2+ 46. Kf1 Qb1+ 47. Kg2 Qg6+ 48. Kh2 d4 49. Qd1 d3 50. a5 Qe4 51. Qh5+ Kg8
52. a6 Qd4 53. Qf5 g6 54. Qc8+ Kg7 55. a7 Qxf2+ 56. Kh1 Qe1+ 57. Kh2 Qf2+ 58.
Kh1 Qf3+ 59. Kh2 Qf4+ 60. Kg2 Qe4+ 61. Kg3 Qe5+ 62. Kg2 Qd5+ 63. Kg3 d2 64.
Qc3+ f6 65. Qxd2 Qxd2 66. a8=Q Qg5+ 67. Kh2 Qf4+ 68. Kg2 Qd2+ 69. Kg3 Qe1+ 70.
Kh2 Qe5+ 71. Kg2 Qb2+ 72. Kg1 Qb1+ 73. Kh2 Qc2+ 74. Kg1 Qxb3 75. Qa7+ Qf7 76.
Qe3 Qd7 77. Qc3 g5 78. Kh1 Qd6 79. Kg2 Qd5+ 80. Kf1 Kg6 81. Qg3 Qf5+ 82. Kg2
Qc2+ 83. Kf1 Qd1+ 84. Kf2 Qd2+ 85. Kg1 f5 86. h4 Qd4+ 87. Kf1 Qxh4 88. Qd6+ Kh5
89. Qe6 Qf4+ 90. Kg2 Qe4+ 91. Qxe4 fxe4 0-1

[Event "Sparkassen-Open A"]
[Site "Heusenstamm, Martinsee"]
[Date "2016.11.27"]
[Round "2.95"]
[White "Oltzen, Samuel"]
[Black "Karthik, Thrish"]
[Result "0-1"]
[WhiteElo "1850"]
[BlackElo "1689"]
[PlyCount "58"]
[EventDate "2016.??.??"]
[WhiteTeam "Lübecker SV"]
[BlackTeam "vereinslos"]

1. e4 c5 2. Nf3 d6 3. d4 cxd4 4. Nxd4 Nf6 5. Nc3 g6 6. Be3 Bg7 7. f3 Nc6 8. Qd2
O-O 9. O-O-O Nxd4 10. Bxd4 Be6 11. g4 Qa5 12. g5 Nh5 13. Bxg7 Nxg7 14. Kb1 Rfc8
15. a3 Rab8 16. h4 b5 17. Nd5 Qd8 18. f4 a5 19. Be2 b4 20. a4 b3 21. c3 Qe8 22.
Qd4 Bxd5 23. h5 Rb4 24. Qxd5 Qxa4 25. hxg6 hxg6 26. Rh6 Rxe4 27. Bd3 Qa2+ 28.
Kc1 Qa1+ 29. Bb1 Rxc3+ 0-1

[Event "Sparkassen-Open A"]
[Site "Heusenstamm, Martinsee"]
[Date "2016.11.27"]
[Round "2.96"]
[White "Stolle, Hendrik"]
[Black "Vangsgaard, Claus"]
[Result "0-1"]
[WhiteElo "1618"]
[BlackElo "1923"]
[PlyCount "138"]
[EventDate "2016.??.??"]
[WhiteTeam "TG Biberach"]
[BlackTeam "Vejlby-Risskov"]

1. e4 c6 2. d4 d5 3. exd5 cxd5 4. c4 Nf6 5. Nc3 Nc6 6. Bg5 dxc4 7. Bxc4 e6 8.
Nf3 Be7 9. O-O O-O 10. Re1 b6 11. Qe2 Nxd4 12. Nxd4 Qxd4 13. Rad1 Qc5 14. Be3
Qh5 15. Qxh5 Nxh5 16. Be2 g6 17. Bxh5 gxh5 18. Bh6 Rd8 19. Rxd8+ Bxd8 20. Re3
h4 21. Re4 f5 22. Rd4 Bf6 23. Rc4 Be5 24. f4 Bd6 25. Rc6 Bc5+ 26. Kh1 h3 27.
Rc7 Rb8 28. Rg7+ Kh8 29. Rg3 hxg2+ 30. Kxg2 Bb7+ 31. Kh3 Rg8 32. Bg5 h6 33.
Bxh6 Rxg3+ 34. hxg3 Be7 35. g4 Kh7 36. g5 Bf6 37. Kh4 Be7 38. Nd1 Bc5 39. Kg3
Bd5 40. b3 Be4 41. Nc3 Bc6 42. Nd1 Kg6 43. Nf2 Bb5 44. Kf3 a5 45. a4 Bc6+ 46.
Ke2 Bd5 47. Nd3 Bxb3 48. Nxc5 bxc5 49. Kd3 Kf7 50. Kc3 Bxa4 51. Kc4 Be8 52.
Kxc5 a4 53. Kb4 Kg6 54. Bf8 e5 55. fxe5 Kxg5 56. Bc5 Kf4 57. e6 Ke4 58. Kc3 Kd5
59. Ba7 Kxe6 60. Bb6 Kd5 61. Bf2 f4 62. Bb6 Ke4 63. Bc5 f3 64. Kd2 Kd5 65. Bf8
Kc4 66. Ke3 Bc6 67. Kd2 Kb3 68. Bc5 a3 69. Kc1 a2 0-1

[Event "Sparkassen-Open A"]
[Site "Heusenstamm, Martinsee"]
[Date "2016.11.27"]
[Round "2.97"]
[White "Bittner, Peter"]
[Black "Pade, Joachim"]
[Result "1-0"]
[WhiteElo "1922"]
[BlackElo "1672"]
[PlyCount "121"]
[EventDate "2016.??.??"]
[WhiteTeam "SC Nied"]
[BlackTeam "SV Alsfeld"]

1. e4 e6 2. d4 d5 3. Nd2 Nf6 4. e5 Nfd7 5. f4 c5 6. c3 Nc6 7. Ngf3 cxd4 8. cxd4
Bb4 9. a3 Bxd2+ 10. Bxd2 Qb6 11. Bc3 h6 12. Bd3 O-O 13. O-O f6 14. exf6 Nxf6
15. Qe2 Bd7 16. g3 Rac8 17. Kg2 a6 18. Rae1 Rce8 19. Qd2 Qc7 20. Qc1 Qb8 21.
Bb1 a5 22. Qd2 b6 23. Ne5 Nxe5 24. dxe5 Bc6 25. Bd4 Ne4 26. Qe3 b5 27. b4 axb4
28. axb4 Qb7 29. Bc2 Ra8 30. Ra1 Rxa1 31. Rxa1 Ra8 32. Rc1 Ra2 33. Kg1 Qa6 34.
Bb3 Ra3 35. Bb2 Rxb3 36. Qxb3 Qb6+ 37. Kg2 Qf2+ 38. Kh3 Qe2 39. Bd4 Bb7 40. Qd1
Nf2+ 41. Bxf2 Qxf2 42. Rc2 Qe3 43. Qh5 d4 44. Rc7 Bg2+ 45. Kxg2 Qe4+ 46. Qf3
Qg6 47. Qa8+ Kh7 48. Rc8 Qd3 49. Rh8+ Kg6 50. Qe8+ Kf5 51. Rf8+ Ke4 52. Qc6+
Ke3 53. Qf3+ Kd2 54. Qf2+ Qe2 55. Ra8 Qxf2+ 56. Kxf2 d3 57. Ra2+ Kc3 58. Ke3
Kxb4 59. Kxd3 Kb3 60. Ra1 b4 61. Rb1+ 1-0

[Event "Sparkassen-Open A"]
[Site "Heusenstamm, Martinsee"]
[Date "2016.11.27"]
[Round "3.1"]
[White "Michalik, Peter"]
[Black "Barski, Radoslaw"]
[Result "0-1"]
[WhiteElo "2550"]
[BlackElo "2387"]
[PlyCount "110"]
[EventDate "2016.??.??"]
[WhiteTeam "SK Schwäbisch Hall"]
[BlackTeam "SC Heusenstamm"]

1. e4 c5 2. Nf3 d6 3. d4 cxd4 4. Nxd4 Nf6 5. Nc3 a6 6. Bg5 e6 7. f4 Qc7 8. f5
Nc6 9. fxe6 fxe6 10. Bc4 Nxd4 11. Qxd4 Be7 12. Bb3 Qc5 13. Qd2 Ng4 14. Bxe7
Kxe7 15. h3 Ne3 16. Na4 Qg5 17. Ke2 Rf8 18. Qxe3 Qxg2+ 19. Kd3 Rf3 20. Rag1 Qf2
21. Qxf3 Qxf3+ 22. Kd2 g6 23. Nc3 Qf4+ 24. Kd1 b5 25. Rf1 Qe5 26. Rf3 Bd7 27.
Rhf1 Be8 28. Kc1 g5 29. Rf8 b4 30. Nd1 Qxe4 31. R8f3 d5 32. Re3 Qd4 33. Rfe1
Bd7 34. c3 Qc5 35. Re5 Kd6 36. Kb1 a5 37. Rxg5 a4 38. Bc2 a3 39. Bb3 axb2 40.
c4 Qd4 41. Nxb2 Qf6 42. Rg3 Be8 43. Bc2 Ra3 44. Rg2 Bg6 45. Bxg6 hxg6 46. cxd5
Qf5+ 47. Ka1 Qxd5 48. Rd2 Rxa2+ 49. Kb1 Qxd2 50. Nc4+ Kd5 51. Nxd2 Rxd2 52. Rg1
Rh2 53. Rxg6 Rxh3 54. Kb2 e5 55. Rb6 b3 0-1

[Event "Sparkassen-Open A"]
[Site "Heusenstamm, Martinsee"]
[Date "2016.11.27"]
[Round "3.2"]
[White "Margolin, Boris"]
[Black "Korneev, Oleg"]
[Result "0-1"]
[WhiteElo "2391"]
[BlackElo "2582"]
[PlyCount "102"]
[EventDate "2016.??.??"]
[WhiteTeam "SV Oberursel"]
[BlackTeam "vereinslos"]

1. e4 c5 2. Nf3 e6 3. b3 b6 4. Bb2 Bb7 5. Bd3 Nc6 6. Nc3 d6 7. O-O a6 8. Re1
Nf6 9. Bf1 Ne5 10. d3 Be7 11. Nb1 Qc7 12. Nbd2 O-O 13. c4 Nxf3+ 14. Nxf3 e5 15.
g3 Nd7 16. Bh3 Nb8 17. Bc1 Nc6 18. Qe2 Bf6 19. Rf1 g6 20. Be3 b5 21. Ne1 Bg7
22. Ng2 f5 23. Rad1 Rae8 24. f3 Bc8 25. exf5 gxf5 26. f4 e4 27. Nh4 Nd4 28. Qf2
Bb7 29. Bg2 bxc4 30. bxc4 Qf7 31. Rb1 Ba8 32. Qd2 Rb8 33. Kh1 Rfe8 34. Bg1 Rxb1
35. Rxb1 Nf3 36. Qd1 Nxg1 37. Kxg1 d5 38. cxd5 Qxd5 39. Qh5 Rf8 40. dxe4 Bd4+
41. Kh1 fxe4 42. Qg4+ Kh8 43. a3 c4 44. Re1 c3 45. Qe2 Qb5 46. Qd1 Qc5 47. Re2
Bf6 48. Rc2 Rd8 49. Qg4 Qd5 50. Rc1 c2 51. Rf1 Bb2 0-1

[Event "Sparkassen-Open A"]
[Site "Heusenstamm, Martinsee"]
[Date "2016.11.27"]
[Round "3.4"]
[White "Solonar, Stefan"]
[Black "Stocek, Jiri"]
[Result "1/2-1/2"]
[WhiteElo "2325"]
[BlackElo "2547"]
[PlyCount "84"]
[EventDate "2016.??.??"]
[WhiteTeam "SC Heusenstamm"]
[BlackTeam "SC Garching"]

1. c4 e5 2. Nc3 Bb4 3. Nf3 Bxc3 4. dxc3 e4 5. Nd4 Nf6 6. g3 O-O 7. Bg2 Re8 8.
O-O d6 9. h3 h6 10. Be3 Nbd7 11. Qc2 Ne5 12. b3 a6 13. Qd2 Qe7 14. Rad1 Bd7 15.
Nc2 b5 16. cxb5 axb5 17. Ra1 c5 18. f4 exf3 19. exf3 Bc6 20. Bf4 Qb7 21. Bxe5
dxe5 22. Qf2 e4 23. f4 Qe7 24. Rfe1 Red8 25. Bf1 Rd7 26. Ne3 Nd5 27. Nxd5 Rxd5
28. c4 bxc4 29. Bxc4 Rd4 30. Kh2 Rad8 31. Re2 Kh7 32. Qe3 f5 33. a4 Qf6 34.
Raa2 Rd1 35. Red2 R8xd2+ 36. Rxd2 Rxd2+ 37. Qxd2 Qa1 38. Qd6 Qb2+ 39. Kh1 Qc1+
40. Kh2 Qb2+ 41. Kh1 Qc1+ 42. Kh2 Qb2+ 1/2-1/2

[Event "Sparkassen-Open A"]
[Site "Heusenstamm, Martinsee"]
[Date "2016.11.27"]
[Round "3.5"]
[White "Sumets, Andrey"]
[Black "Osmanodja, Filiz"]
[Result "1-0"]
[WhiteElo "2559"]
[BlackElo "2308"]
[PlyCount "87"]
[EventDate "2016.??.??"]
[WhiteTeam "SF Lilienthal"]
[BlackTeam "USV TU Dresden"]

1. d4 Nf6 2. c4 e6 3. Nf3 Bb4+ 4. Nbd2 b6 5. e3 Bb7 6. Bd3 O-O 7. O-O d5 8. Qc2
Nbd7 9. e4 g6 10. cxd5 exd5 11. e5 Nh5 12. Nb1 Re8 13. Qa4 Be7 14. Bb5 a6 15.
Bxd7 b5 16. Bxb5 axb5 17. Qd1 Ng7 18. Nbd2 Ra6 19. Nb3 Ne6 20. a3 b4 21. axb4
Rxa1 22. Nxa1 Ba6 23. Re1 Bxb4 24. Bd2 Bf8 25. Nc2 Qd7 26. Ng5 Nxg5 27. Bxg5
Rb8 28. Bc1 Rb3 29. Re3 Bc4 30. Na3 Rxe3 31. Bxe3 Bxa3 32. bxa3 Qf5 33. h3 Bb5
34. a4 Bc4 35. Qa1 Qd3 36. a5 Kg7 37. Bg5 h6 38. Bf6+ Kh7 39. Qb2 Qd1+ 40. Kh2
g5 41. e6 fxe6 42. Qb8 Kg6 43. Be5 Kf5 44. f3 1-0

[Event "Sparkassen-Open A"]
[Site "Heusenstamm, Martinsee"]
[Date "2016.11.27"]
[Round "3.6"]
[White "Pfreundt, Jakob"]
[Black "Sadzikowski, Daniel"]
[Result "1/2-1/2"]
[WhiteElo "2293"]
[BlackElo "2538"]
[PlyCount "47"]
[EventDate "2016.??.??"]
[WhiteTeam "Königsspr. SC"]
[BlackTeam "SC Heusenstamm"]

1. e4 c5 2. Nf3 d6 3. d4 cxd4 4. Nxd4 Nf6 5. Nc3 a6 6. Be3 e5 7. Nb3 Be6 8. f3
h5 9. Qd2 Nbd7 10. Nd5 Bxd5 11. exd5 g6 12. Na5 Qc7 13. a4 Bg7 14. Nc4 O-O 15.
a5 e4 16. O-O-O Rfd8 17. Qb4 exf3 18. gxf3 Nc5 19. Bf4 Ne8 20. Bh3 Qe7 21. Qd2
Qc7 22. Qb4 Qe7 23. Qd2 Qc7 24. Qb4 1/2-1/2

[Event "Sparkassen-Open A"]
[Site "Heusenstamm, Martinsee"]
[Date "2016.11.27"]
[Round "3.7"]
[White "Schröder, Jan-Christian"]
[Black "Schmitzer, Klaus"]
[Result "1/2-1/2"]
[WhiteElo "2521"]
[BlackElo "2285"]
[PlyCount "41"]
[EventDate "2016.??.??"]
[WhiteTeam "SV Hofheim"]
[BlackTeam "Bad Vilbeler Sfr"]

1. e4 c6 2. d4 d5 3. e5 Bf5 4. Nf3 e6 5. Be2 Nd7 6. O-O Bg6 7. a4 a5 8. Nbd2
Nh6 9. c4 Bb4 10. cxd5 cxd5 11. Nb3 Rc8 12. Ne1 O-O 13. Nd3 f6 14. exf6 Qxf6
15. Nxb4 axb4 16. Qe1 Rc2 17. Bb5 Rf7 18. Bxh6 gxh6 19. Rc1 Rxb2 20. Rc8+ Kg7
21. Qe3 1/2-1/2

[Event "Sparkassen-Open A"]
[Site "Heusenstamm, Martinsee"]
[Date "2016.11.27"]
[Round "3.8"]
[White "Henrich, Thomas"]
[Black "Kollars, Dmitrij"]
[Result "0-1"]
[WhiteElo "2221"]
[BlackElo "2501"]
[PlyCount "160"]
[EventDate "2016.??.??"]
[WhiteTeam "SK Marburg"]
[BlackTeam "Hamburger SK"]

1. d4 Nf6 2. c4 g6 3. Nc3 Bg7 4. e4 d6 5. Be2 O-O 6. Bg5 Na6 7. Qd2 e5 8. d5
Qe8 9. h4 Nc5 10. f3 Nh5 11. g4 Nf4 12. h5 h6 13. Bxf4 exf4 14. Nh3 g5 15. Nb5
Qe7 16. Nf2 c6 17. dxc6 bxc6 18. Nd4 Qf6 19. Rd1 d5 20. cxd5 cxd5 21. exd5 Re8
22. Qc2 Qe7 23. Kf1 Bd7 24. b4 Na4 25. Ne4 Qxb4 26. Nc6 Bxc6 27. dxc6 Nc3 28.
Nxc3 Bxc3 29. Rd3 Re3 30. c7 Qc5 31. Rd8+ Re8 32. Rxa8 Rxa8 33. Kg2 Rc8 34. Rc1
Rxc7 35. Qe4 Re7 36. Qd3 Re3 37. Qc4 Qe5 38. Rc2 Kg7 39. Bd3 Bd4 40. Qb5 Qxb5
41. Bxb5 Bb6 42. Bd7 Kf6 43. Bb5 Re1 44. Bf1 Ra1 45. Rc6+ Kg7 46. Bc4 Rd1 47.
a4 Rd2+ 48. Kh1 Rd4 49. Bb5 Rd1+ 50. Kg2 Rd2+ 51. Kh1 Rf2 52. Rc3 Kf6 53. Bc6
Ke5 54. Rd3 Bd4 55. Be4 Ra2 56. Bc6 Rb2 57. Bb5 Rb4 58. Kg2 f5 59. gxf5 Kxf5
60. Rd2 Ke5 61. Rc2 Rb1 62. Bc6 Rg1+ 63. Kh2 g4 64. fxg4 Rxg4 65. Re2+ Kf6 66.
Bf3 Rg3 67. Bc6 Rc3 68. Bb5 f3 69. Re4 Bb6 70. Kg3 f2+ 71. Kg2 Rc5 72. Be2 Rf5
73. Rg4 f1=Q+ 74. Bxf1 Rf2+ 75. Kg3 Rxf1 76. Rg6+ Kf5 77. Rxh6 Ra1 78. Rc6 Ra3+
79. Kg2 Rxa4 80. Kf3 Kg5 0-1

[Event "Sparkassen-Open A"]
[Site "Heusenstamm, Martinsee"]
[Date "2016.11.27"]
[Round "3.9"]
[White "Kveinys, Aloyzas"]
[Black "Keller, Peter"]
[Result "1-0"]
[WhiteElo "2499"]
[BlackElo "2269"]
[PlyCount "65"]
[EventDate "2016.??.??"]
[WhiteTeam "vereinslos"]
[BlackTeam "Frankfurter TV"]

1. d4 d5 2. c4 c6 3. Nc3 dxc4 4. e4 b5 5. a4 b4 6. Na2 Nf6 7. e5 Nd5 8. Bxc4
Bf5 9. Nf3 e6 10. Bg5 Be7 11. Bxe7 Qxe7 12. Qd2 a5 13. O-O O-O 14. Nc1 Nd7 15.
Nb3 N5b6 16. Bd3 Bxd3 17. Qxd3 c5 18. dxc5 Nxc5 19. Nxc5 Qxc5 20. Ng5 g6 21.
Qh3 h5 22. Rfe1 Kg7 23. Qxe6 Qxf2+ 24. Kxf2 fxe6+ 25. Kg1 Rae8 26. Rac1 Nxa4
27. Rc7+ Kg8 28. Nh7 Nxb2 29. Nf6+ Rxf6 30. exf6 Kf8 31. Re5 Nd3 32. Rxa5 b3
33. Raa7 1-0

[Event "Sparkassen-Open A"]
[Site "Heusenstamm, Martinsee"]
[Date "2016.11.27"]
[Round "3.10"]
[White "Zieher, Hartmut"]
[Black "Wieczorek, Oskar"]
[Result "0-1"]
[WhiteElo "2285"]
[BlackElo "2465"]
[PlyCount "66"]
[EventDate "2016.??.??"]
[WhiteTeam "Hamburger SK"]
[BlackTeam "SC Heusenstamm"]

1. e4 c5 2. Nc3 e6 3. f4 Nc6 4. Bb5 Nge7 5. Nf3 a6 6. Bd3 d5 7. O-O c4 8. exd5
exd5 9. Be2 d4 10. Bxc4 dxc3 11. bxc3 Na5 12. Bd3 Bf5 13. Qe2 Qb6+ 14. Kh1 Bxd3
15. cxd3 O-O-O 16. d4 Nf5 17. Qe5 Nh6 18. d3 f6 19. Qe2 Bd6 20. c4 Rhe8 21. Qd2
Qc7 22. d5 Nf5 23. g3 h5 24. Rb1 b6 25. Qb2 Bc5 26. Bd2 Re2 27. Qc3 Qd7 28. Be1
Ne3 29. Rg1 Qg4 30. Nd2 Qh3 31. Nf3 Rc2 32. Qa1 Qg4 33. Nh4 Qe2 0-1